Haggai and Zechariah, with notes and introduction / (Record no. 16697)
[ view plain ]
| 000 -LEADER | |
|---|---|
| fixed length control field | 00446nam a22001451a 4500 |
| 005 - DATE AND TIME OF LATEST TRANSACTION | |
| control field | 20110718123426.0 |
| 008 - FIXED-LENGTH DATA ELEMENTS--GENERAL INFORMATION | |
| fixed length control field | 090715s1890 001 0 eng d |
| 020 ## - INTERNATIONAL STANDARD BOOK NUMBER | |
| Terms of availability | 0.00 |
| 040 ## - CATALOGING SOURCE | |
| Original cataloging agency | NEGST Library - Kenya |
| 082 0# - DEWEY DECIMAL CLASSIFICATION NUMBER | |
| Classification number | BS 491 .C3 1890 |
| 245 00 - TITLE STATEMENT | |
| Title | Haggai and Zechariah, with notes and introduction / |
| Statement of responsibility, etc | Perowne Ven. |
| 260 ## - PUBLICATION, DISTRIBUTION, ETC. (IMPRINT) | |
| Name of publisher, distributor, etc | Cambridge at the University, |
| Date of publication, distribution, etc | 1890. |
| 300 ## - PHYSICAL DESCRIPTION | |
| Extent | 39 p. 17cm. |
| 852 ## - LOCATION/CALL NUMBER | |
| -- | 10.00 |
| Withdrawn status | Lost status | Source of classification or shelving scheme | Damaged status | Not for loan | Collection code | Home library | Current library | Shelving location | Date acquired | Cost, normal purchase price | Total Checkouts | Full call number | Barcode | Date last seen | Date checked out | Copy number | Price effective from | Koha item type |
|---|---|---|---|---|---|---|---|---|---|---|---|---|---|---|---|---|---|---|
| Library of Congress Classification | General Circulation | AIU/NEGST - Tony Wilmot Memorial Library | AIU/NEGST - Tony Wilmot Memorial Library | General Stacks | 09/09/2009 | 10.00 | 2 | BS 491.C3 1890 | R53657N3232 | 09/26/2019 | 01/12/2018 | 1 | 09/09/2009 | Books |
